[Event "Campeonato España Sub 16"]
[Site "Salobreña"]
[Date "2017.07.26"]
[Round "5"]
[White "Cubas Cabrera, Angel Luis"]
[Black "Jausas Lopez, Andrea"]
[Result "1-0"]
[Board "19"]
[WhiteClock "1:30"]
[WhiteElo "2029"]
[WhiteCountry "ESP"]
[WhiteFideId "32046561"]
[WhiteEloChange "6"]
[BlackClock "1:30"]
[BlackElo "1878"]
[BlackCountry "ESP"]
[BlackFideId "22274901"]
[BlackEloChange "-6"]

1. d4 {[%clk 1:30:00]} d5 {[%clk 1:30:00]} 2. c4 {[%clk 1:31:00]} c6 {[%clk
1:30:00]} 3. cxd5 {[%clk 1:31:00]} cxd5 {[%clk 1:30:00]} 4. Bf4 {[%clk 1:32:00]}
Nc6 {[%clk 1:28:00]} 5. Nc3 {[%clk 1:32:00]} a6 {[%clk 1:26:00]} 6. e3 {[%clk
1:32:00]} Nf6 {[%clk 1:25:00]} 7. Bd3 {[%clk 1:32:00]} e6 {[%clk 1:18:00]} 8. Nf3
{[%clk 1:32:00]} Bd6 {[%clk 1:16:00]} 9. Bxd6 {[%clk 1:31:00]} Qxd6 {[%clk
1:16:00]} 10. O-O {[%clk 1:31:00]} O-O {[%clk 1:16:00]} 11. Na4 {[%clk 1:29:00]}
h6 {[%clk 1:06:00]} 12. Rc1 {[%clk 1:28:00]} e5 {[%clk 0:55:00]} 13. dxe5 {[%clk
1:17:00]} Nxe5 {[%clk 0:55:00]} 14. Be2 {[%clk 1:10:00]} Nxf3+ {[%clk 0:47:00]}
15. Bxf3 {[%clk 1:10:00]} Bd7 {[%clk 0:39:00]} 16. Nc3 {[%clk 1:02:00]} Bc6
{[%clk 0:38:00]} 17. Ne2 {[%clk 1:00:00]} Nh7 {[%clk 0:33:00]} 18. g3 {[%clk
0:45:00]} Ng5 {[%clk 0:32:00]} 19. Bg2 {[%clk 0:44:00]} Ne6 {[%clk 0:32:00]} 20.
Nd4 {[%clk 0:40:00]} Rfe8 {[%clk 0:29:00]} 21. Qd2 {[%clk 0:38:00]} Rad8 {[%clk
0:25:00]} 22. Rfd1 {[%clk 0:38:00]} Ng5 {[%clk 0:17:16]} 23. Qa5 {[%clk 0:35:00]}
Ra8 {[%clk 0:08:14]} 24. Rc2 {[%clk 0:28:00]} Ne6 {[%clk 0:06:45]} 25. Qb6 {[%clk
0:27:00]} Nxd4 {[%clk 0:06:45]} 26. Rxd4 {[%clk 0:26:00]} Qg6 {[%clk 0:03:17]}
27. Rc1 {[%clk 0:26:00]} Re6 {[%clk 0:02:13]} 28. Qa5 {[%clk 0:25:00]} Re5 {[%clk
0:00:46]} 29. Rcd1 {[%clk 0:24:00]} Qe6 {[%clk 0:00:53]} 30. h4 {[%clk 0:23:00]}
Re8 {[%clk 0:00:43]} 31. a3 {[%clk 0:21:00]} Qg6 {[%clk 0:00:51]} 32. Qb6 {[%clk
0:19:05]} Qf5 {[%clk 0:00:51]} 33. Qb4 {[%clk 0:17:29]} R8e6 {[%clk 0:00:50]} 34.
Qd2 {[%clk 0:16:47]} Rf6 {[%clk 0:00:46]} 35. Rf4 {[%clk 0:15:13]} Qe6 {[%clk
0:00:39]} 36. Qd4 {[%clk 0:14:00]} Rxf4 {[%clk 0:00:44]} 37. Qxf4 {[%clk
0:14:28]} Qe7 {[%clk 0:00:37]} 38. b4 {[%clk 0:14:25]} Qe6 {[%clk 0:00:45]} 39.
Qd4 {[%clk 0:13:55]} Qe7 {[%clk 0:00:50]} 40. Qc3 {[%clk 0:13:39]} Rf5 {[%clk
0:00:51]} 41. Rd2 {[%clk 0:13:25]} Re5 {[%clk 0:01:07]} 42. Rd4 {[%clk 0:13:35]}
Qe8 {[%clk 0:01:09]} 43. Rf4 {[%clk 0:12:43]} Bb5 {[%clk 0:00:46]} 44. Qc7 {[%clk
0:12:11]} Bc6 {[%clk 0:00:42]} 45. Rxf7 {[%clk 0:11:43]} Qxf7 {[%clk 0:00:57]}
46. Qxe5 {[%clk 0:12:09]} Qd7 {[%clk 0:00:52]} 47. Bf1 {[%clk 0:11:43]} Qg4
{[%clk 0:00:36]} 48. Qb8+ {[%clk 0:11:26]} Kf7 {[%clk 0:00:56]} 49. Qf4+ {[%clk
0:09:48]} Qxf4 {[%clk 0:01:21]} 50. exf4 {[%clk 0:09:44]} d4 {[%clk 0:00:38]} 51.
Bg2 {[%clk 0:08:57]} Bxg2 {[%clk 0:00:35]} 52. Kxg2 {[%clk 0:09:25]} Ke6 {[%clk
0:00:57]} 53. Kf3 {[%clk 0:09:37]} Kd5 {[%clk 0:01:14]} 54. Ke2 {[%clk 0:09:56]}
Kc4 {[%clk 0:01:03]} 55. Kd2 {[%clk 0:09:25]} Kb3 {[%clk 0:01:08]} 56. g4 {[%clk
0:08:33]} Kxa3 {[%clk 0:01:25]} 57. f5 {[%clk 0:08:37]} Kxb4 {[%clk 0:01:32]} 58.
g5 {[%clk 0:09:03]} Kc5 {[%clk 0:00:47]} 59. f6 {[%clk 0:09:28]} gxf6 {[%clk
0:00:28]} 60. gxh6 {[%clk 0:09:28]} 1-0

[Event "Campeonato España Sub 16"]
[Site "Salobreña"]
[Date "2017.07.26"]
[Round "5"]
[White "Amador Garcia, Ismael"]
[Black "Redondo Benavente, Ana"]
[Result "0-1"]
[Board "20"]
[WhiteClock "1:30"]
[WhiteElo "1877"]
[WhiteCountry "ESP"]
[WhiteFideId "32040920"]
[WhiteEloChange "-6"]
[BlackClock "1:30"]
[BlackTitle "WFM"]
[BlackElo "2026"]
[BlackCountry "ESP"]
[BlackFideId "32021674"]
[BlackEloChange "6"]

1. e4 {[%clk 1:30:00]} e5 {[%clk 1:30:00]} 2. Nf3 {[%clk 1:31:00]} Nc6 {[%clk
1:30:00]} 3. Bc4 {[%clk 1:31:00]} Bc5 {[%clk 1:30:00]} 4. c3 {[%clk 1:31:00]} Nf6
{[%clk 1:31:00]} 5. d3 {[%clk 1:32:00]} O-O {[%clk 1:30:00]} 6. O-O {[%clk
1:32:00]} d5 {[%clk 1:28:00]} 7. exd5 {[%clk 1:32:00]} Nxd5 {[%clk 1:29:00]} 8.
Re1 {[%clk 1:31:00]} Bg4 {[%clk 1:21:00]} 9. h3 {[%clk 1:26:00]} Bh5 {[%clk
1:20:00]} 10. Nbd2 {[%clk 1:24:00]} Nb6 {[%clk 1:19:00]} 11. Ne4 {[%clk 1:18:00]}
Bd6 {[%clk 1:18:00]} 12. Bb3 {[%clk 1:17:00]} a5 {[%clk 1:15:00]} 13. a4 {[%clk
1:15:00]} Kh8 {[%clk 1:09:00]} 14. Ng3 {[%clk 0:48:00]} Bxf3 {[%clk 1:03:00]} 15.
Qxf3 {[%clk 0:48:00]} f5 {[%clk 1:03:00]} 16. Bc2 {[%clk 0:42:00]} Qd7 {[%clk
0:54:00]} 17. Bd2 {[%clk 0:38:00]} Rae8 {[%clk 0:52:00]} 18. Rad1 {[%clk
0:37:00]} Ne7 {[%clk 0:43:00]} 19. b3 {[%clk 0:29:00]} Ned5 {[%clk 0:37:00]} 20.
Qh5 {[%clk 0:24:00]} g6 {[%clk 0:28:00]} 21. Qh6 {[%clk 0:24:00]} Rf7 {[%clk
0:22:00]} 22. h4 {[%clk 0:21:00]} f4 {[%clk 0:19:23]} 23. Ne4 {[%clk 0:22:00]}
Rf5 {[%clk 0:19:23]} 0-1

[Event "Campeonato España Sub 16"]
[Site "Salobreña"]
[Date "2017.07.26"]
[Round "5"]
[White "Villacorta Nicolas, David"]
[Black "Arjona Casado, Abel"]
[Result "1-0"]
[Board "21"]
[WhiteClock "n/a"]
[WhiteElo "2019"]
[WhiteCountry "ESP"]
[WhiteFideId "22295135"]
[WhiteEloChange "5"]
[BlackClock "n/a"]
[BlackElo "1828"]
[BlackCountry "ESP"]
[BlackFideId "24513296"]
[BlackEloChange "-5"]

1. e4 {[%clk 1:30:30]} c5 {[%clk 1:30:30]} 2. Nf3 {[%clk 1:30:30]} d6 {[%clk
1:30:30]} 3. d4 {[%clk 1:30:30]} cxd4 {[%clk 1:30:30]} 4. Nxd4 {[%clk 1:30:30]}
Nf6 {[%clk 1:30:30]} 5. Nc3 {[%clk 1:30:30]} Nc6 {[%clk 1:30:30]} 6. h3 {[%clk
1:30:30]} g6 {[%clk 1:30:30]} 7. Be3 {[%clk 1:30:30]} Bg7 {[%clk 1:30:30]} 8. Bc4
{[%clk 1:30:30]} O-O {[%clk 1:30:30]} 9. Bb3 {[%clk 1:30:30]} a6 {[%clk 1:30:30]}
10. O-O {[%clk 1:30:30]} Nxd4 {[%clk 1:30:30]} 11. Bxd4 {[%clk 1:30:30]} b5
{[%clk 1:30:30]} 12. Re1 {[%clk 1:30:30]} Bb7 {[%clk 1:30:30]} 13. Nd5 {[%clk
1:30:30]} Bxd5 {[%clk 1:30:30]} 14. exd5 {[%clk 1:30:30]} Rc8 {[%clk 1:30:30]}
15. Qe2 {[%clk 1:30:30]} Re8 {[%clk 1:30:30]} 16. a4 {[%clk 1:30:30]} Rb8 {[%clk
1:30:30]} 17. axb5 {[%clk 1:30:30]} axb5 {[%clk 1:30:30]} 18. c4 {[%clk 1:30:30]}
bxc4 {[%clk 1:30:30]} 19. Bxc4 {[%clk 1:30:30]} Nd7 {[%clk 1:30:30]} 20. Bxg7
{[%clk 1:30:30]} Kxg7 {[%clk 1:30:30]} 21. Bb5 {[%clk 1:30:30]} Rf8 {[%clk
1:30:30]} 22. Bc6 {[%clk 1:30:30]} Ne5 {[%clk 1:30:30]} 23. Ra6 {[%clk 1:30:30]}
Rb6 {[%clk 1:30:30]} 24. Rea1 {[%clk 1:30:30]} Qb8 {[%clk 1:30:30]} 25. R1a2
{[%clk 1:30:30]} e6 {[%clk 1:30:30]} 26. Ra8 {[%clk 1:30:30]} Nxc6 {[%clk
1:30:30]} 27. Rxb8 {[%clk 1:30:30]} Nxb8 {[%clk 1:30:30]} 28. dxe6 {[%clk
1:30:30]} Re8 {[%clk 1:30:30]} 29. Ra7 {[%clk 1:30:30]} 1-0

[Event "Campeonato España Sub 16"]
[Site "Salobreña"]
[Date "2017.07.26"]
[Round "5"]
[White "Fuentes Perez, Noe"]
[Black "Perez Perez , Gabriel"]
[Result "1/2-1/2"]
[Board "22"]
[WhiteClock "1:30"]
[WhiteElo "1736"]
[WhiteCountry "ESP"]
[WhiteFideId "24536334"]
[WhiteEloChange "6"]
[BlackClock "1:30"]
[BlackElo "2000"]
[BlackCountry "ESP"]
[BlackFideId "32089147"]
[BlackEloChange "-6"]

1. e4 {[%clk 1:30:00]} c5 {[%clk 1:30:00]} 2. Nc3 {[%clk 1:31:00]} Nc6 {[%clk
1:31:00]} 3. g3 {[%clk 1:31:00]} g6 {[%clk 1:31:00]} 4. Bg2 {[%clk 1:31:00]} Bg7
{[%clk 1:32:00]} 5. d3 {[%clk 1:32:00]} Nf6 {[%clk 1:32:00]} 6. f4 {[%clk
1:31:00]} d6 {[%clk 1:32:00]} 7. Nf3 {[%clk 1:31:00]} O-O {[%clk 1:32:00]} 8. O-O
{[%clk 1:31:00]} Rb8 {[%clk 1:32:00]} 9. h3 {[%clk 1:30:00]} d5 {[%clk 1:30:00]}
10. e5 {[%clk 1:19:00]} Ne8 {[%clk 1:30:00]} 11. d4 {[%clk 1:14:00]} cxd4 {[%clk
1:29:00]} 12. Nxd4 {[%clk 1:13:00]} Nc7 {[%clk 1:29:00]} 13. Nce2 {[%clk
1:11:00]} f6 {[%clk 1:28:00]} 14. exf6 {[%clk 1:08:00]} exf6 {[%clk 1:25:00]} 15.
f5 {[%clk 1:06:00]} Ne5 {[%clk 1:22:00]} 16. g4 {[%clk 0:58:00]} Re8 {[%clk
1:16:00]} 17. Nf4 {[%clk 0:53:00]} Qd6 {[%clk 1:14:00]} 18. Kh1 {[%clk 0:44:00]}
Bd7 {[%clk 1:10:00]} 19. a4 {[%clk 0:38:00]} Rbd8 {[%clk 0:55:00]} 20. b3 {[%clk
0:32:00]} Bc6 {[%clk 0:49:00]} 21. Ba3 {[%clk 0:29:00]} Qd7 {[%clk 0:47:00]} 22.
Nfe6 {[%clk 0:21:00]} Nxe6 {[%clk 0:46:00]} 23. Nxe6 {[%clk 0:21:00]} Rxe6 {[%clk
0:46:00]} 24. fxe6 {[%clk 0:21:00]} Qxe6 {[%clk 0:46:00]} 25. Qd2 {[%clk
0:15:32]} d4 {[%clk 0:40:00]} 26. Bxc6 {[%clk 0:14:26]} bxc6 {[%clk 0:41:00]} 27.
Bb2 {[%clk 0:11:24]} c5 {[%clk 0:40:00]} 28. Rad1 {[%clk 0:10:29]} c4 {[%clk
0:26:00]} 29. Qg2 {[%clk 0:08:04]} cxb3 {[%clk 0:19:53]} 30. Bxd4 {[%clk
0:04:26]} bxc2 {[%clk 0:19:05]} 31. Qxc2 {[%clk 0:04:24]} Qd5+ {[%clk 0:17:28]}
32. Qg2 {[%clk 0:04:21]} Qb3 {[%clk 0:17:55]} 33. Rb1 {[%clk 0:03:05]} Qxa4
{[%clk 0:17:47]} 1/2-1/2

[Event "Campeonato España Sub 16"]
[Site "Salobreña"]
[Date "2017.07.26"]
[Round "5"]
[White "Sama Salinas, Alejandro"]
[Black "Lopez Mijail, Nicolas"]
[Result "1-0"]
[Board "23"]
[WhiteClock "1:30"]
[WhiteElo "2000"]
[WhiteCountry "ESP"]
[WhiteFideId "32086318"]
[WhiteEloChange "8"]
[BlackClock "1:30"]
[BlackElo "1923"]
[BlackCountry "ESP"]
[BlackFideId "24513407"]
[BlackEloChange "-8"]

1. d4 {[%clk 1:30:00]} Nf6 {[%clk 1:30:00]} 2. c4 {[%clk 1:31:00]} e6 {[%clk
1:30:00]} 3. Nc3 {[%clk 1:31:00]} Bb4 {[%clk 1:31:00]} 4. e3 {[%clk 1:32:00]} O-O
{[%clk 1:32:00]} 5. Ne2 {[%clk 1:32:00]} d5 {[%clk 1:31:00]} 6. a3 {[%clk
1:32:00]} Be7 {[%clk 1:32:00]} 7. cxd5 {[%clk 1:33:00]} exd5 {[%clk 1:32:00]} 8.
Nf4 {[%clk 1:33:00]} Bf5 {[%clk 1:31:00]} 9. Be2 {[%clk 1:32:00]} c6 {[%clk
1:30:00]} 10. g4 {[%clk 1:28:00]} Be6 {[%clk 1:23:00]} 11. g5 {[%clk 1:19:00]}
Ne4 {[%clk 1:20:00]} 12. Nxe4 {[%clk 1:18:00]} dxe4 {[%clk 1:20:00]} 13. Nxe6
{[%clk 1:12:00]} fxe6 {[%clk 1:21:00]} 14. Bc4 {[%clk 1:05:00]} Bxg5 {[%clk
1:19:00]} 15. h4 {[%clk 0:55:00]} Qf6 {[%clk 1:12:00]} 16. Rh2 {[%clk 0:50:00]}
Bxh4 {[%clk 1:13:00]} 17. Qg4 {[%clk 0:51:00]} Bxf2+ {[%clk 1:12:00]} 18. Ke2
{[%clk 0:51:00]} Bg3 {[%clk 1:08:00]} 19. Qxe6+ {[%clk 0:42:00]} Kh8 {[%clk
0:59:00]} 20. Qxf6 {[%clk 0:42:00]} Rxf6 {[%clk 1:00:00]} 21. Rg2 {[%clk
0:42:00]} b5 {[%clk 0:44:00]} 22. Bb3 {[%clk 0:38:00]} Bh4 {[%clk 0:43:00]} 23.
Bc2 {[%clk 0:37:00]} Nd7 {[%clk 0:43:00]} 24. Bxe4 {[%clk 0:37:00]} Re8 {[%clk
0:43:00]} 25. Rg4 {[%clk 0:35:00]} g5 {[%clk 0:43:00]} 26. Bc2 {[%clk 0:32:00]}
Rf2+ {[%clk 0:44:00]} 27. Kd3 {[%clk 0:32:00]} c5 {[%clk 0:44:00]} 28. b3 {[%clk
0:25:00]} Nf6 {[%clk 0:29:00]} 29. Rg1 {[%clk 0:24:00]} Rc8 {[%clk 0:23:00]} 30.
dxc5 {[%clk 0:22:00]} Rxc5 {[%clk 0:23:00]} 31. Bb2 {[%clk 0:22:00]} Kg7 {[%clk
0:22:00]} 32. Rac1 {[%clk 0:21:00]} h5 {[%clk 0:19:54]} 33. Bd4 {[%clk 0:19:29]}
Rc6 {[%clk 0:19:52]} 34. Bb1 {[%clk 0:18:26]} Rxc1 {[%clk 0:19:23]} 35. Rxc1
{[%clk 0:18:53]} g4 {[%clk 0:19:40]} 36. Rc7+ {[%clk 0:15:43]} Kh6 {[%clk
0:19:54]} 37. e4 {[%clk 0:15:27]} Rf3+ {[%clk 0:20:00]} 38. Ke2 {[%clk 0:15:50]}
Rxb3 {[%clk 0:15:48]} 39. Bc2 {[%clk 0:14:59]} Rxa3 {[%clk 0:15:31]} 40. Bb2
{[%clk 0:11:17]} Rf3 {[%clk 0:07:24]} 41. e5 {[%clk 0:11:05]} Nd5 {[%clk
0:07:16]} 42. Bc1+ {[%clk 0:09:00]} Nf4+ {[%clk 0:07:38]} 43. Bxf4+ {[%clk
0:09:19]} Rxf4 {[%clk 0:07:16]} 44. Rh7+ {[%clk 0:09:45]} Kg5 {[%clk 0:08:07]}
45. Rg7+ {[%clk 0:10:05]} Kh6 {[%clk 0:08:30]} 46. Rg6+ {[%clk 0:09:33]} Kh7
{[%clk 0:08:25]} 47. Rxg4+ {[%clk 0:10:25]} Re4+ {[%clk 0:08:20]} 48. Bxe4+
{[%clk 0:10:25]} 1-0

[Event "Campeonato España Sub 16"]
[Site "Salobreña"]
[Date "2017.07.26"]
[Round "5"]
[White "Sole Pijuan, Ferran"]
[Black "Gonzalez Eiris, Daniel"]
[Result "1-0"]
[Board "24"]
[WhiteClock "1:30"]
[WhiteElo "2216"]
[WhiteCountry "ESP"]
[WhiteFideId "32045611"]
[WhiteEloChange "2"]
[BlackClock "1:30"]
[BlackElo "1799"]
[BlackCountry "ESP"]
[BlackFideId "32066643"]
[BlackEloChange "-2"]

1. d4 {[%clk 1:30:00]} e6 {[%clk 1:30:00]} 2. c4 {[%clk 1:31:00]} Nf6 {[%clk
1:31:00]} 3. g3 {[%clk 1:31:00]} Bb4+ {[%clk 1:31:00]} 4. Bd2 {[%clk 1:31:00]}
Bxd2+ {[%clk 1:31:00]} 5. Qxd2 {[%clk 1:31:00]} d6 {[%clk 1:30:00]} 6. Nc3 {[%clk
1:20:00]} O-O {[%clk 1:24:00]} 7. Bg2 {[%clk 1:18:00]} Nc6 {[%clk 1:23:00]} 8.
Nf3 {[%clk 1:17:00]} a5 {[%clk 1:10:00]} 9. h3 {[%clk 1:14:00]} h6 {[%clk
1:08:00]} 10. O-O {[%clk 1:09:00]} e5 {[%clk 1:06:00]} 11. d5 {[%clk 1:04:00]}
Ne7 {[%clk 1:05:00]} 12. e4 {[%clk 1:03:00]} Nh5 {[%clk 0:58:00]} 13. Ne2 {[%clk
1:01:00]} Ng6 {[%clk 0:53:00]} 14. Ne1 {[%clk 0:57:00]} Bd7 {[%clk 0:47:00]} 15.
Nd3 {[%clk 0:55:00]} f5 {[%clk 0:45:00]} 16. exf5 {[%clk 0:29:00]} Bxf5 {[%clk
0:45:00]} 17. Ne1 {[%clk 0:29:00]} Bd7 {[%clk 0:41:00]} 18. Nc2 {[%clk 0:27:00]}
b5 {[%clk 0:37:00]} 19. cxb5 {[%clk 0:24:00]} Bxb5 {[%clk 0:35:00]} 20. a4 {[%clk
0:20:00]} Bd7 {[%clk 0:29:00]} 21. Nc3 {[%clk 0:20:00]} Rb8 {[%clk 0:26:00]} 22.
Nb5 {[%clk 0:19:09]} Bxb5 {[%clk 0:13:25]} 23. axb5 {[%clk 0:19:30]} Qe8 {[%clk
0:12:59]} 24. Qe2 {[%clk 0:18:28]} Nhf4 {[%clk 0:06:49]} 25. gxf4 {[%clk
0:17:09]} Nxf4 {[%clk 0:07:11]} 26. Qe4 {[%clk 0:13:53]} Rxb5 {[%clk 0:03:00]}
27. Ne3 {[%clk 0:11:19]} Ne2+ {[%clk 0:01:02]} 28. Kh2 {[%clk 0:10:11]} Rxb2
{[%clk 0:01:13]} 29. Qg4 {[%clk 0:09:13]} Nf4 {[%clk 0:00:40]} 30. Nf5 {[%clk
0:08:57]} Qf7 {[%clk 0:00:53]} 31. Nxh6+ {[%clk 0:08:57]} 1-0

[Event "Campeonato España Sub 16"]
[Site "Salobreña"]
[Date "2017.07.26"]
[Round "5"]
[White "Gonzalez Alonso, Marti"]
[Black "Garcia Gimenez, Santiago"]
[Result "0-1"]
[Board "25"]
[WhiteClock "n/a"]
[WhiteElo "1861"]
[WhiteCountry "ESP"]
[WhiteFideId "32067267"]
[WhiteEloChange "-5"]
[BlackClock "n/a"]
[BlackElo "2064"]
[BlackCountry "ESP"]
[BlackFideId "32063350"]
[BlackEloChange "5"]

1. e4 {[%clk 1:30:30]} e5 {[%clk 1:30:30]} 2. Nf3 {[%clk 1:30:30]} Nc6 {[%clk
1:30:30]} 3. d4 {[%clk 1:30:30]} exd4 {[%clk 1:30:30]} 4. Nxd4 {[%clk 1:30:30]}
Bc5 {[%clk 1:30:30]} 5. Be3 {[%clk 1:30:30]} Qf6 {[%clk 1:30:30]} 6. c3 {[%clk
1:30:30]} Nge7 {[%clk 1:30:30]} 7. Nc2 {[%clk 1:30:30]} Bb6 {[%clk 1:30:30]} 8.
Bxb6 {[%clk 1:30:30]} axb6 {[%clk 1:30:30]} 9. Ne3 {[%clk 1:30:30]} d6 {[%clk
1:30:30]} 10. Bd3 {[%clk 1:30:30]} O-O {[%clk 1:30:30]} 11. O-O {[%clk 1:30:30]}
Be6 {[%clk 1:30:30]} 12. Na3 {[%clk 1:30:30]} Ng6 {[%clk 1:30:30]} 13. Nb5 {[%clk
1:30:30]} Rac8 {[%clk 1:30:30]} 14. g3 {[%clk 1:30:30]} Bh3 {[%clk 1:30:30]} 15.
Re1 {[%clk 1:30:30]} Nce5 {[%clk 1:30:30]} 16. Be2 {[%clk 1:30:30]} Rfe8 {[%clk
1:30:30]} 17. Nd5 {[%clk 1:30:30]} Qd8 {[%clk 1:30:30]} 18. f4 {[%clk 1:30:30]}
Nd7 {[%clk 1:30:30]} 19. Bg4 {[%clk 1:30:30]} Bxg4 {[%clk 1:30:30]} 20. Qxg4
{[%clk 1:30:30]} Nc5 {[%clk 1:30:30]} 21. e5 {[%clk 1:30:30]} dxe5 {[%clk
1:30:30]} 22. Rad1 {[%clk 1:30:30]} exf4 {[%clk 1:30:30]} 23. Rxe8+ {[%clk
1:30:30]} Qxe8 {[%clk 1:30:30]} 24. Nbxc7 {[%clk 1:30:30]} Qf8 {[%clk 1:30:30]}
25. gxf4 {[%clk 1:30:30]} f5 {[%clk 1:30:30]} 26. Qe2 {[%clk 1:30:30]} Ne4 {[%clk
1:30:30]} 27. Qc4 {[%clk 1:30:30]} Qc5+ {[%clk 1:30:30]} 28. Qxc5 {[%clk
1:30:30]} bxc5 {[%clk 1:30:30]} 29. Ne6 {[%clk 1:30:30]} Kf7 {[%clk 1:30:30]} 30.
Ng5+ {[%clk 1:30:30]} Nxg5 {[%clk 1:30:30]} 31. fxg5 {[%clk 1:30:30]} Rd8 {[%clk
1:30:30]} 32. Ne3 {[%clk 1:30:30]} Rxd1+ {[%clk 1:30:30]} 33. Nxd1 {[%clk
1:30:30]} f4 {[%clk 1:30:30]} 34. b4 {[%clk 1:30:30]} Ke6 {[%clk 1:30:30]} 35. a4
{[%clk 1:30:30]} Kd5 {[%clk 1:30:30]} 36. Nb2 {[%clk 1:30:30]} Ne5 {[%clk
1:30:30]} 37. Kg2 {[%clk 1:30:30]} Ke4 {[%clk 1:30:30]} 38. a5 {[%clk 1:30:30]}
f3+ {[%clk 1:30:30]} 39. Kg3 {[%clk 1:30:30]} Ke3 {[%clk 1:30:30]} 40. Nd1+
{[%clk 1:30:30]} Ke2 {[%clk 1:30:30]} 41. Nf2 {[%clk 1:30:30]} cxb4 {[%clk
1:30:30]} 42. cxb4 {[%clk 1:30:30]} Nc6 {[%clk 1:30:30]} 43. b5 {[%clk 1:30:30]}
Nxa5 {[%clk 1:30:30]} 44. Ne4 {[%clk 1:30:30]} Nc4 {[%clk 1:30:30]} 45. Nc3+
{[%clk 1:30:30]} Kd3 {[%clk 1:30:30]} 46. Na4 {[%clk 1:30:30]} Ke3 {[%clk
1:30:30]} 47. Nc3 {[%clk 1:30:30]} Nd6 {[%clk 1:30:30]} 48. Nd5+ {[%clk 1:30:30]}
Kd4 {[%clk 1:30:30]} 49. Nb6 {[%clk 1:30:30]} Ke4 {[%clk 1:30:30]} 50. Na4 {[%clk
1:30:30]} Ke3 {[%clk 1:30:30]} 51. Nb2 {[%clk 1:30:30]} Ne4+ {[%clk 1:30:30]} 0-1

[Event "Campeonato España Sub 16"]
[Site "Salobreña"]
[Date "2017.07.26"]
[Round "5"]
[White "Bono Monreal, Alberto"]
[Black "Henderson de La Fuente, Andrea"]
[Result "1-0"]
[Board "26"]
[WhiteClock "1:30"]
[WhiteElo "1837"]
[WhiteCountry "ESP"]
[WhiteFideId "32029845"]
[WhiteEloChange "15"]
[BlackClock "1:30"]
[BlackElo "2031"]
[BlackCountry "ESP"]
[BlackFideId "32096577"]
[BlackEloChange "-15"]

1. e4 {[%clk 1:30:00]} d6 {[%clk 1:30:00]} 2. d4 {[%clk 1:31:00]} Nf6 {[%clk
1:31:00]} 3. Nc3 {[%clk 1:31:00]} Nbd7 {[%clk 1:31:00]} 4. g4 {[%clk 1:32:00]} h6
{[%clk 1:31:00]} 5. h3 {[%clk 1:32:00]} e5 {[%clk 1:30:00]} 6. Bg2 {[%clk
1:32:00]} Be7 {[%clk 1:24:00]} 7. Nge2 {[%clk 1:33:00]} c6 {[%clk 1:23:00]} 8.
Be3 {[%clk 1:33:00]} b5 {[%clk 1:19:00]} 9. a3 {[%clk 1:33:00]} Qc7 {[%clk
1:19:00]} 10. Ng3 {[%clk 1:27:00]} exd4 {[%clk 1:09:00]} 11. Qxd4 {[%clk
1:18:00]} Ne5 {[%clk 1:05:00]} 12. O-O {[%clk 1:15:00]} a6 {[%clk 0:57:00]} 13.
b3 {[%clk 0:58:00]} h5 {[%clk 0:37:00]} 14. g5 {[%clk 0:48:00]} h4 {[%clk
0:37:00]} 15. Nf5 {[%clk 0:34:00]} Nh5 {[%clk 0:33:00]} 16. f4 {[%clk 0:29:00]}
Bxf5 {[%clk 0:23:00]} 17. exf5 {[%clk 0:29:00]} Nd7 {[%clk 0:23:00]} 18. Bf3
{[%clk 0:20:00]} f6 {[%clk 0:18:30]} 19. Bf2 {[%clk 0:20:00]} O-O-O {[%clk
0:16:44]} 20. a4 {[%clk 0:20:00]} d5 {[%clk 0:12:28]} 21. axb5 {[%clk 0:12:31]}
Bc5 {[%clk 0:12:32]} 22. Qd2 {[%clk 0:07:41]} axb5 {[%clk 0:08:22]} 23. Nxd5
{[%clk 0:07:55]} cxd5 {[%clk 0:08:24]} 24. Qxd5 {[%clk 0:06:21]} Bxf2+ {[%clk
0:06:56]} 25. Rxf2 {[%clk 0:06:49]} Nxf4 {[%clk 0:06:08]} 26. Ra8+ {[%clk
0:05:50]} Nb8 {[%clk 0:06:34]} 27. Qxb5 {[%clk 0:01:43]} Nxh3+ {[%clk 0:05:30]}
28. Kf1 {[%clk 0:02:12]} Rd6 {[%clk 0:05:59]} 29. Re2 {[%clk 0:01:51]} Rd1+
{[%clk 0:05:36]} 30. Re1 {[%clk 0:02:20]} Rxe1+ {[%clk 0:05:34]} 31. Kxe1 {[%clk
0:02:49]} Qg3+ {[%clk 0:04:17]} 32. Kd2 {[%clk 0:02:49]} Qf4+ {[%clk 0:03:27]}
33. Ke1 {[%clk 0:02:09]} Qe3+ {[%clk 0:02:43]} 34. Be2 {[%clk 0:02:28]} Qf2+
{[%clk 0:02:26]} 35. Kd1 {[%clk 0:02:52]} Rd8+ {[%clk 0:02:37]} 36. Kc1 {[%clk
0:02:30]} Qe3+ {[%clk 0:02:18]} 37. Kb1 {[%clk 0:02:34]} Qg1+ {[%clk 0:01:22]}
38. Ka2 {[%clk 0:01:53]} Qg3 {[%clk 0:00:58]} 39. Qc6+ {[%clk 0:01:53]} 1-0

[Event "Campeonato España Sub 16"]
[Site "Salobreña"]
[Date "2017.07.26"]
[Round "5"]
[White "Clemente Chen, Alfredo"]
[Black "Guillo Longares, Cecilia"]
[Result "0-1"]
[Board "27"]
[WhiteClock "1:30"]
[WhiteElo "1809"]
[WhiteCountry "ESP"]
[WhiteFideId "32066023"]
[WhiteEloChange "-5"]
[BlackClock "1:30"]
[BlackElo "1997"]
[BlackCountry "ESP"]
[BlackFideId "32082681"]
[BlackEloChange "5"]

1. e4 {[%clk 1:30:00]} c5 {[%clk 1:30:00]} 2. Nf3 {[%clk 1:31:00]} g6 {[%clk
1:31:00]} 3. d3 {[%clk 1:31:00]} Bg7 {[%clk 1:31:00]} 4. g3 {[%clk 1:32:00]} Nc6
{[%clk 1:32:00]} 5. Bg2 {[%clk 1:32:00]} d6 {[%clk 1:32:00]} 6. O-O {[%clk
1:32:00]} e5 {[%clk 1:32:00]} 7. c3 {[%clk 1:31:00]} Nge7 {[%clk 1:33:00]} 8. a3
{[%clk 1:30:00]} O-O {[%clk 1:33:00]} 9. b4 {[%clk 1:28:00]} a6 {[%clk 1:33:00]}
10. Bb2 {[%clk 1:24:00]} b5 {[%clk 1:33:00]} 11. Nbd2 {[%clk 1:19:00]} Qb6 {[%clk
1:31:00]} 12. Qe2 {[%clk 1:16:00]} a5 {[%clk 1:30:00]} 13. Qe3 {[%clk 1:07:00]}
Rb8 {[%clk 1:30:00]} 14. bxc5 {[%clk 1:01:00]} dxc5 {[%clk 1:29:00]} 15. Rab1
{[%clk 1:00:00]} a4 {[%clk 1:23:00]} 16. Ne1 {[%clk 0:47:00]} Be6 {[%clk
1:10:00]} 17. Nc2 {[%clk 0:40:00]} Rfd8 {[%clk 1:09:00]} 18. Nf3 {[%clk 0:39:00]}
Ba2 {[%clk 0:55:00]} 19. Rbc1 {[%clk 0:33:00]} Bb3 {[%clk 0:53:00]} 20. Na1
{[%clk 0:27:00]} Na5 {[%clk 0:49:00]} 21. Nxb3 {[%clk 0:27:00]} Nxb3 {[%clk
0:50:00]} 22. Rcd1 {[%clk 0:27:00]} Nc6 {[%clk 0:49:00]} 23. h4 {[%clk 0:16:29]}
Rd6 {[%clk 0:43:00]} 24. h5 {[%clk 0:14:57]} Qd8 {[%clk 0:42:00]} 25. hxg6 {[%clk
0:11:06]} hxg6 {[%clk 0:39:00]} 26. Nh2 {[%clk 0:10:18]} c4 {[%clk 0:37:00]} 27.
f4 {[%clk 0:09:08]} Rxd3 {[%clk 0:35:00]} 28. Rxd3 {[%clk 0:06:53]} Qxd3 {[%clk
0:35:00]} 29. Qxd3 {[%clk 0:07:05]} cxd3 {[%clk 0:35:00]} 30. Rd1 {[%clk
0:07:26]} Nca5 {[%clk 0:34:00]} 31. Nf1 {[%clk 0:05:58]} Nc4 {[%clk 0:34:00]} 32.
Rb1 {[%clk 0:06:20]} exf4 {[%clk 0:32:00]} 33. gxf4 {[%clk 0:06:25]} Nxb2 {[%clk
0:30:00]} 34. Rxb2 {[%clk 0:06:44]} Bxc3 {[%clk 0:31:00]} 35. Rb1 {[%clk
0:07:14]} Rd8 {[%clk 0:30:00]} 36. e5 {[%clk 0:07:13]} Bd4+ {[%clk 0:30:00]} 37.
Kh1 {[%clk 0:07:24]} Bc5 {[%clk 0:30:00]} 38. Bc6 {[%clk 0:06:56]} Rb8 {[%clk
0:28:00]} 39. Rd1 {[%clk 0:06:56]} d2 {[%clk 0:28:00]} 0-1